Geografía : territorios y ambientes /

Guardado en:
Autor Principal: Ciccolella, Pablo
Formato: Libro
Publicado: Buenos Aires : Aique, 1998
Materias:
Etiquetas: Agregar Etiqueta
Sin Etiquetas, Sea el primero en etiquetar este registro!
LEADER 00555nam a22001935a 4500
001 CEM.cems010559
005 20080512102938.0
008 130507s1998##################000#0#####d
003 CEMS
020 |a 9507014748 
082 0 4 |a Z918.2 
100 1 |a Ciccolella, Pablo 
245 1 0 |a Geografía :  |b territorios y ambientes /  |c Pablo Ciccolella 
260 |a Buenos Aires :  |b Aique,  |c 1998 
300 |a 63 p. 
500 |a Guía para docentes 
653 |a Geografía 
653 |a Geografía argentina 
859 |a CEMS  |b BIB. CEMS - 11 de abril  |h Z918.2  |i C344-2  |p 20517.99  |t Ej.1